000 00746nam a2200205Ii 4500
003 JO-AjNU
008 230605s9999||||xx |||||||||||||| ||und||
040 _aJO-AjNU
_bara
_erda
_cJO-AjNU
041 _aara
050 1 4 _aDS231.J3
100 3 _aتاليف علي، جواد,
_eauthor
_960494
245 0 0 _aالمفصل في تاريخ العرب قبل الاسلام، ج10
250 _aط جديدة مصححه ومنقحة
264 3 1 _aبيروت: دار الاحياء للتراث العربي، د.ت
300 _aج10: 365ص
336 _atext
_btxt
_2rdacontent
337 _aunmediated
_bn
_2rdamedia
338 _avolume
_bnc
_2rdacarrier
650 4 _aالبلاد العربية- تاريخ- العصر الجاهلي
_960495
999 _aA27281
_c30849
_d30849